000 00808nam a22002057a 4500
005 20180703151737.0
010 _a1718EN-30 ENG-121823 B-688304-311
020 _c160.00
_a9788126040551
035 _aEN-105355
035 _aB-688304-311
037 _bSahitya Akadmi
_adpl
037 _bDBAD/PUB
082 _a881
245 _aTelugu Dalit poetry today /
_cedited by Thummapudi Bharathi
260 _aNew Delhi
_bSahitya Academi
_c2016
270 _bNew Delhi
_aRabindra Bhawan, 35, Fiiroz Shah Marg
_e110001
300 _a169p.
_c21cm(pbk)
942 _2ddc
_cEN
_mTEL
_h881
999 _c146198
_d146198